书目信息 |
| 题名: |
计算机时代的基础知识
|
|
| 作者: | 品川嘉也 , 品川泰子 著 ;万永熙 译 | |
| 分册: | ||
| 出版信息: | 北京 春秋出版社 1989.10 |
|
| 页数: | 219页 | |
| 开本: | 19cm | |
| 丛书名: | 智能开发译丛 | |
| 单 册: | ||
| 中图分类: | TP3 , G4-51 | |
| 科图分类: | ||
| 主题词: | 电子计算机--基本知识 , 教育 | |
| 电子资源: | ||
| ISBN: | 7-5069-0180-3 | |
| 000 | 01036nam2 2200301 45 | |
| 001 | 0190017702 | |
| 005 | 20061101111227.01 | |
| 010 | @a7-5069-0180-3@dCNY3.00 | |
| 100 | @a19921223d1989 em y0chiy0121 ea | |
| 101 | 1 | @achi@cjpn |
| 102 | @aCN@b110000 | |
| 105 | @ay z 000yy | |
| 200 | 10 | @a计算机时代的基础知识@AJI SUAN JI SHI DAI DE JI CHU ZHI SHI@f(日)品川嘉也,(日)品川泰子著@F( RI ) PIN CHUAN JIA YE ,( RI ) PIN CHUAN TAI ZI ZHU@g万永熙等译 |
| 210 | @a北京@c春秋出版社@d1989.10 | |
| 215 | @a219页@d19cm | |
| 225 | 2 | @a智能开发译丛@f廖一帆主编 |
| 330 | @a本书从社会发展的高度,全面系统地介绍计算机时代的基础知识。 | |
| 410 | 0 | @120010@a智能开发译丛 |
| 540 | 1 | @a计算机 时代 基础 知识@AJI SUAN JI SHI DAI JI CHU ZHI SHI |
| 606 | @a电子计算机@x基本知识 | |
| 606 | 0 | @a教育 |
| 690 | @aTP3@v三版 | |
| 690 | @aG4-51@v3 | |
| 701 | 0 | @a品川嘉也@APIN CHUAN JIA YE@4著 |
| 701 | 0 | @a品川泰子@APIN CHUAN TAI ZI@4著 |
| 702 | 0 | @a万永熙@AWAN YONG XI@4译 |
| 801 | 0 | @aCN@bTSSF@c20061101 |
| 905 | @a10447@dG4-51@e25:6 | |
| 计算机时代的基础知识/(日)品川嘉也,(日)品川泰子著/万永熙等译.-北京:春秋出版社,1989.10 |
| 219页;19cm.-(智能开发译丛/廖一帆主编) |
| ISBN 7-5069-0180-3:CNY3.00 |
| 本书从社会发展的高度,全面系统地介绍计算机时代的基础知识。 |
| ● |
| 相关链接 |
|
|
|
|
正题名:计算机时代的基础知识
索取号:G4-51/25:6
 
预约/预借
| 序号 | 登录号 | 条形码 | 馆藏地/架位号 | 状态 | 备注 |
| 1 | 0227621 | 002055778 | 第一样本阅览室/ [索取号:G4-51/25:6] | 在馆 |